000
00306nam a22001337a 4500
008
210303b ||||| |||| 00| 0 eng d
020
_a
0890794596
041
_a
eng
080
_a
37
100
_a
25
101
_a
EDU
245
_a
Cognitive Skills for Community Living
_c
Mcclennen,E.S
942
_2
udc
_c
BK
999
_c
55555
_d
55555